000 00205nam a2200097Ia 4500
008 220204s9999 xx 000 0 und d
082 _a82-3
_bKAS
100 _aHerbert
245 0 _aDeath Squad
942 _cBK
999 _c33486
_d33486